000 00576nam a22002177a 4500
003 UA-OsUOA
001 58101
007 ta
008 20090127b un ||||| |||| 00| 0 ukr d
100 _aАкімов Д.
090 _a82
_bА39
942 _cSA
040 _aUA-OsUOA
_bukr
_cUA-OsUOA
_dUA-OsUOA
245 _aТаємниця влади/Роман-феєрія
300 _aС.17-99
955 _a0
041 _aukr
080 _a82
773 0 _w58100
_tВітчизна
_dК.
_d2008
_g10
650 7 _a82 Література. Літературознавство
_2UDC
999 _c344160
_d344160